00662nam a2200205 a 450000100100000000500170001000800410002702000140006804000250008208200170010710000340012424500560015826000310021430000200024565000230026565000210028804900090030995201210031899900170043900002211520200930011605.0100916s1982 fr 000 0 fre d a217804595 aDO-SdBNPbfrecBNPHU a153.9bM149d1 aMachado, Luis Alberto.94581510aLe droit a l“intelligence /cLuis Alberto Machado. aParis :bEconomica,c1982. a79 p. ;c20 cm. 4aInteligencia92917 4aAptitudes945787 aBNGR 001054708MOaGRbGRcCTd2010-09-16iLF1l0o153.9 M149dp22115-10r2020-06-25w2020-06-25y4ZPréstamo en sala c21613d21613